Fronteras: toward a borderless latin america /
Gespeichert in:
| 1. Verfasser: | |
|---|---|
| Körperschaft: | |
| Weitere Verfasser: | |
| Format: | Text |
| Veröffentlicht: |
2000:
CEDLA
|
| Schlagworte: | |
| Tags: |
Tag hinzufügen
Keine Tags, Fügen Sie den ersten Tag hinzu!
|
MARC
| LEADER | 00000 a a2200000 04500 | ||
|---|---|---|---|
| 001 | 32046 | ||
| 003 | |||
| 040 | |||
| 020 | |a 90-70280-87-6 | ||
| 090 | |a 199503 | ||
| 100 | |a Van Dijck, Pitou | ||
| 110 | |a Centro de Estudios y Documentación Latinoamericanos | ||
| 245 | |a Fronteras: toward a borderless latin america / |c Pitou Van Dijck | ||
| 260 | |a 2000: |b CEDLA | ||
| 300 | |a 380 p. | ||
| 500 | |a Contenido: Referencias bibliográficas | ||
| 650 | |a CULTURA | ||
| 650 | |a PLANO LOCAL | ||
| 650 | |a CAPITALISMO | ||
| 650 | |a GLOBALIZACION | ||
| 650 | |a BRASIL | ||
| 650 | |a AMERICA LATINA | ||
| 700 | |a Ouweneel, Arij |a Zoomers, Annelies |a Slater, David |a Baud, Michiel |a van Bath, Slicher |a Dijkstra, Geske |a Silva, Patricio |a Carrieré, Jean |a Vellinga, Menno |a Salman, Tom |a Kleinpenning, Jan |a Banck, Geert |a Dembicz, Andrzej |a Vink, Nico |a Nijenhuis | ||
| 999 | |c 14707 |d 14707 | ||



